أدوات الحضارة | Les outils de la civilisation | Tools of civilization (notice n° 9440)
[ vue normale ]
| 000 -Label | |
|---|---|
| leader | 00762cam0a2200217 4500 |
| 010 ## - ISBN | |
| ISBN | 9973172760 |
| 099 ## - Informations locales | |
| Type de document | Livre |
| 100 ## - Données générales de traitement | |
| a | 20060221d1988 k y0frey50 fa |
| 101 0# - Langue | |
| langue document | français |
| -- | anglais |
| -- | arabe |
| 102 ## - Pays d'édition ou de production | |
| pays d'édition | Tunisie |
| 200 1# - Titre | |
| titre propre | أدوات الحضارة |
| -- | Les outils de la civilisation |
| -- | Tools of civilization |
| auteur | Docteur Ahmed Dhieb |
| type de document | Livre |
| 210 ## - Editeur | |
| lieu de publication | Ben Arous (Tunisie) |
| nom de l'éditeur | Éd. Jim |
| date de publication | [1988] |
| 215 ## - Description | |
| Importance matérielle | 1 vol. (140 p.) |
| autres carac. | ill. en noir et en coul., couv. ill. en coul. |
| format | 24 cm |
| 606 ## - sujets | |
| numéro de la notice d'autorité | 027345955 |
| sujet | Chirurgie |
| subdiv. sujet | Appareils et matériel |
| koha internal code | 25681 |
| 606 ## - sujets | |
| numéro de la notice d'autorité | 027807002 |
| sujet | Matériel médical |
| subdiv. sujet | Médecine |
| -- | Histoire |
| koha internal code | 25682 |
| 700 #1 - Auteur | |
| N° autorité | 077229096 |
| auteur | Dhieb |
| prénom | Ahmed |
| code de fonction | Auteur |
| koha internal code | 25683 |
| 801 #3 - source de catalogage | |
| pays | FR |
| agence de catalogage | Abes |
| date de la transaction | 20200127 |
| règles de catalogage utilisées | AFNOR |
| 801 #3 - source de catalogage | |
| pays | TN |
| agence de catalogage | 32Bis |
| 830 ## - note | |
| catalogeur | ABA |
| Propriétaire | Dépositaire | Localisation | Code barre | Numéro Inventaire | Cote | Note | Statut |
|---|---|---|---|---|---|---|---|
| The 32bis Library | The 32bis Library | Salle de lecture 32BIS | 007222 | 7141 | 610.1 DHI | Dépôt MAB | Consultable sur place |